000 00398nam a2200169Ia 4500
001 5115
003 IN-NITTTR
005 20251114233006.0
008 251113s9999||||xx |||||||||||||| ||eng||
040 _beng
040 _cIN-NITTTR
041 _aeng
082 _a373 B655P
100 _aBossing, Nelson L.
245 0 _aPrinciples of secondary education /
_cBossing, Nelson L.
942 _2ddc
_cBK
999 _c7751
_d7751